Влияние кислотности среды на размер и электрокинетические параметры наночастиц; Ресурсоэффективным технологиям - энергию и энтузиазм молодых

Bibliografiska uppgifter
Parent link:Ресурсоэффективным технологиям - энергию и энтузиазм молодых.— 2014.— [С. 66-69]
Huvudupphovsman: Карепина Е. Е.
Institutionell upphovsman: Национальный исследовательский Томский политехнический университет
Övriga upphovsmän: Годымчук А. Ю. Анна Юрьевна (научный руководитель)
Sammanfattning:Заглавие с титульного экрана
Språk:ryska
Publicerad: 2014
Serie:Нанотехнологии, пучково-плазменные технологии создания материалов с заданными свойствами
Ämnen:
Länkar:http://earchive.tpu.ru/handle/11683/66011
http://www.lib.tpu.ru/fulltext/c/2014/C08/024.pdf
Materialtyp: MixedMaterials Elektronisk Bokavsnitt
KOHA link:https://koha.lib.tpu.ru/cgi-bin/koha/opac-detail.pl?biblionumber=606424

MARC

LEADER 00000naa2a2200000 4500
001 606424
005 20251121100119.0
035 |a (RuTPU)RU\TPU\conf\3803 
035 |a RU\TPU\conf\3802 
090 |a 606424 
100 |a 20140529d2014 k y0rusy50 ca 
101 0 |a rus 
102 |a RU 
105 |a y z 101zy 
135 |a drgn ---uucaa 
181 0 |a i  
182 0 |a b 
200 1 |a Влияние кислотности среды на размер и электрокинетические параметры наночастиц  |f Е. Е. Карепина  |g науч. рук. А. Ю. Годымчук 
203 |a Текст  |c электронный 
225 1 |a Нанотехнологии, пучково-плазменные технологии создания материалов с заданными свойствами 
300 |a Заглавие с титульного экрана 
320 |a [Библиогр.: с. 68-69 (7 назв.)] 
337 |a Adobe Reader 
463 0 |0 (RuTPU)RU\TPU\conf\3591  |t Ресурсоэффективным технологиям - энергию и энтузиазм молодых   |o Сборник научных трудов V Всероссийской конференции студентов элитного технического образования, г. Томск, 25 -27 марта 2014 г.  |f Национальный исследовательский Томский политехнический университет (ТПУ)   |v [С. 66-69]  |d 2014 
610 1 |a труды учёных ТПУ 
610 1 |a электронный ресурс 
610 1 |a кислотность 
610 1 |a среды 
610 1 |a размеры 
610 1 |a электрокинетические параметры 
610 1 |a наночастицы 
700 1 |a Карепина  |b Е. Е. 
702 1 |a Годымчук  |b А. Ю.  |c специалист в области нанотехнологий и наноматериалов  |c доцент Томского политехнического университета, кандидат технических наук  |f 1978-  |g Анна Юрьевна  |4 727 
712 0 2 |a Национальный исследовательский Томский политехнический университет  |c (2009- )  |9 26305 
801 2 |a RU  |b 63413507  |c 20210709  |g RCR 
856 4 |u http://earchive.tpu.ru/handle/11683/66011 
856 4 |u http://www.lib.tpu.ru/fulltext/c/2014/C08/024.pdf 
942 |c BK